Statistics for Name that Classic

Click here to take the quiz!

General Stats

  • This quiz has been taken 51 times
  • The average score is 12 of 15

Answer Stats

HintAnswer% Correct
Gone with the _____Wind
100%
_______ TwistOliver
98%
A tale of two _____Cities
95%
Of ____ and MenMice
95%
The Adventures of __________ HolmesSherlock
95%
_____ EyreJane
91%
________ IslandTreasure
91%
___ and PeaceWar
91%
The _____ of the BaskervillesHound
88%
The ______ and the PauperPrince
86%
Uncle Tom's ______Cabin
84%
The ________ LetterScarlet
77%
Far from the ________ CrowdMadding
51%
The _______ in WhiteWoman
49%
The _______ of Roger AckroydMurder
21%

Score Distribution

Percentile by Number Answered

Percent of People with Each Score

Your Score History

You have not taken this quiz